00957cpcaa2200265 4500001001300000003000400013005001700017008004100034010001700075040002400092041001300116072001200129100003500141245004100176300001400217506002200231520014700253533004600400545002400446546005000470580005700520651006200577656003500639999001700674mm 78004616 DLC20260227111620.0781212|||||||||||| spa  amm 78004616  aDLCcDLCedacsdDLC aspaaeng 7aH2lcmd1 aAguinaldo, Emilio,d1869-1964.00aEmilio Aguinaldo papers,f1899-1901. a3fitems.0 aOpen to research.8 aAddress (Malolos; 1899 January 16) to Aguinaldo's troops and a letter of referral. Includes a typewritten English translation of the address. aIn part, typewritten transcript.b[S.l.].0 aPhilippine patriot. aCollection material in Spanish, with English. aForms part of: Miscellaneous Manuscripts collection. 0aPhilippinesxHistoryyPhilippine American War, 1899-1902. 7aPatriotszPhilippines.2itoamc c39638d39638